000
00289nam a22001217a 4500
008
180914b xxu||||| |||| 00| 0 eng d
041
_a
eng
080
_a
616.053
100
_a
8
101
_a
PED
245
_a
Pediatric And Adolescent Sports Medicine
_c
Brown.L
942
_2
udc
_c
BK
999
_c
47809
_d
47809